Statistiche per Elenca la formazione - Quiz n°28

Clicka qui per fare il quiz!

Statistiche generali

  • Questo quiz è stato fatto 31 volte
  • Il punteggio medio è 10 su 11

Statistiche sulle risposte

RuoloNazioneCalciatore% Corretto
AttaccanteMessicoHirving Lozano
100%
DifensoreGreciaKōstas Manōlas
100%
DifensorePortogalloMário Rui
100%
CentrocampistaPoloniaPiotr Zieliński
100%
DifensoreSenegalKalidou Koulibaly
96%
DifensoreAlbaniaElseid Hysaj
93%
AttaccanteItaliaLorenzo Insigine
93%
PortiereColombiaDavid Ospina
89%
CentrocampistaGermaniaDiego Demme
89%
AttaccanteItaliaAndrea Petagna
68%
CentrocampistaFranciaTiémoué Bakayoko
39%

Distribuzione punteggi

Percentile per numero di risposta

Percentuale di utenti per punteggio

I tuoi punteggi nel tempo

Non hai fatto questo quiz